000 00314nam a22001337a 4500
020 _a978-81-8451-063-8
082 _a200
_bVED/ B
100 _aPRAKASH, VED
245 _aFAMOUS STORIES FROM THE BIBLE
260 _aDELHI
_bDREAMLAND PUBLICATIONS
_c2007
300 _a271
650 _aRELIGIOUS
_zINDIA
942 _cBK
999 _c5255
_d5255